000 00798nam a2200229Ii 4500
003 JO-AjNU
008 230605s9999||||xx |||||||||||||| ||und||
017 _a86/3683
020 _a977-10-0218-X
040 _aJO-AjNU
_bara
_erda
_cJO-AjNU
041 _aara
050 1 4 _aK1005.4.R32.1986
100 3 _aرضوان ، فايز نعيم ,
_eauthor
_97662
245 0 0 _aعقد شراء الحقوق التجارية
250 _a(د،ط)
264 3 1 _aالقاهرة : دار الفكر العربي ،1986
300 _a211ص
336 _atext
_btxt
_2rdacontent
337 _aunmediated
_bn
_2rdamedia
338 _avolume
_bnc
_2rdacarrier
650 4 _aالعقود التجارية -- مصر -- القانون التجاري -- مصر -- العقود (قانون مدني) -- مصر
_97663
999 _aA394
_c3962
_d3962